[Event "NED-chT 9495"]
[Site "Netherlands"]
[Date "1994.??.??"]
[Round "4"]
[White "Van de Plassche, Bas"]
[Black "Gelpke, Peter"]
[Result "1-0"]
[WhiteElo "2310"]
[BlackElo "2405"]
[PlyCount "111"]
[EventDate "1994.??.??"]
[EventType "team"]
[EventRounds "9"]
[EventCountry "NED"]
[SourceTitle "EXT 1998"]
[Source "ChessBase"]
[SourceDate "1997.11.17"]
[SourceVersion "1"]
[SourceVersionDate "1997.11.17"]
[SourceQuality "1"]

1. e4 c6 2. d4 d5 3. exd5 cxd5 4. c4 Nf6 5. Nc3 e6 6. Nf3 Be7 7. cxd5 Nxd5 8. Bd3 Nc6 9. 0-0 0-0 10. Re1 Nf6 11. a3 Qd6 12. Bc2 Rd8 13. Be3 a6 14. Qe2 Bd7 15. Rad1 Be8 16. Bb1 Qc7 17. Qc2 Rac8 18. d5 Na5 19. Bd4 g6 20. Be5 Qc5 21. b4 Qc4 22. bxa5 Nxd5 23. Nxd5 Rxd5 24. Qxc4 Rxc4 25. Rxd5 exd5 26. Bd4 Kf8 27. Be3 Bd7 28. Ba2 Ra4 29. Bh6+ Ke8 30. Bxd5 Rxa5 31. Bxb7 Rxa3 32. Bg5 Be6 33. Bc6+ Kf8 34. Bh6+ Kg8 35. h3 Bf8 36. Bxf8 Kxf8 37. Ng5 Bc4 38. Nxh7+ Kg7 39. Ng5 a5 40. Ne4 Ra2 41. Rc1 Be6 42. Nc3 Rd2 43. Ra1 Rc2 44. Ra3 Kf8 45. Kf1 Bc4+ 46. Ke1 Ke7 47. Be4 Rc1+ 48. Kd2 Rf1 49. Ke3 f5 50. Bd5 Bxd5 51. Nxd5+ Kd6 52. Rxa5 Re1+ 53. Kf4 Re4+ 54. Kg5 Re2 55. Nf4 Rxf2 56. Ra6+ 1-0

[Event "Copenhagen Obro op"]
[Site "Copenhagen"]
[Date "1993.??.??"]
[Round "7"]
[White "Nielsen, Uffe Vinther"]
[Black "Van de Plassche, Bas"]
[Result "0-1"]
[WhiteElo "2350"]
[BlackElo "2275"]
[PlyCount "174"]
[EventDate "1993.??.??"]
[EventType "swiss"]
[EventRounds "9"]
[EventCountry "DEN"]
[SourceTitle "EXT 1997"]
[Source "ChessBase"]
[SourceDate "1996.11.15"]
[SourceVersion "1"]
[SourceVersionDate "1996.11.15"]
[SourceQuality "1"]

1. d4 Nf6 2. Nf3 g6 3. c4 Bg7 4. Nc3 d5 5. cxd5 Nxd5 6. g3 Nxc3 7. bxc3 c5 8. Bg2 Nc6 9. Be3 cxd4 10. cxd4 Qa5+ 11. Qd2 Qxd2+ 12. Kxd2 0-0 13. Rhd1 Rd8 14. Ke1 Bf5 15. Rac1 Be4 16. Kf1 Rd5 17. Ne5 Bxg2+ 18. Kxg2 Bxe5 19. dxe5 Rad8 20. Rxd5 Rxd5 21. f4 Rb5 22. Rc2 Kf8 23. Kf3 Ke8 24. Rd2 Rb4 25. Rd3 Ra4 26. a3 Rc4 27. Bf2 b5 28. e4 Rc2 29. h4 a6 30. Be1 Rb2 31. Ke3 Rb1 32. Bd2 a5 33. Rd5 Rb3+ 34. Rd3 Rxd3+ 35. Kxd3 h5 36. Be3 Kd7 37. Kc3 e6 38. Bc5 Nd8 39. Kd4 Nc6+ 40. Ke3 Kc7 41. Kd3 Kb7 42. Kc3 Nb8 43. Kd4 Kc6 44. Be7 Nd7 45. Bd8 Nb6 46. Be7 Nc4 47. Kd3 Kc7 48. Bf8 Kd7 49. Bc5 Nb2+ 50. Kc3 Kc6 51. Be7 Nd1+ 52. Kd2 Nf2 53. Ke3 Ng4+ 54. Kf3 b4 55. a4 b3 56. Ba3 f5 57. exf6 Nxf6 58. Ke3 Nd7 59. Kd3 Nb6 60. g4 hxg4 61. f5 exf5 62. exf5 gxf5 63. h5 Nd5 64. h6 Nf6 65. Bb2 Nh7 66. Be5 Kd5 67. Bc7 Kc5 68. Kc3 b2 69. Kxb2 Kb4 70. Kc2 Kxa4 71. Kd3 Kb5 72. Ke3 a4 73. Bd6 Kc6 74. Ba3 Kd5 75. Kf4 Ke6 76. Bb2 Nf8 77. Kg5 Kd5 78. Kf4 Nh7 79. Bc1 Kd4 80. Kxf5 g3 81. Kg6 g2 82. Kxh7 g1Q 83. Bb2+ Kd5 84. Kh8 Ke6 85. h7 Kf7 86. Bf6 Qg2 87. Bd8 Qb2+ 0-1

[Event "NED-chT"]
[Site "Netherlands"]
[Date "1993.??.??"]
[Round "3"]
[White "Oll, Lembit"]
[Black "Van de Plassche, Bas"]
[Result "1-0"]
[WhiteElo "2585"]
[BlackElo "2275"]
[PlyCount "107"]
[EventDate "1993.??.??"]
[EventType "team"]
[EventRounds "11"]
[EventCountry "NED"]
[SourceTitle "EXT 1997"]
[Source "ChessBase"]
[SourceDate "1996.11.15"]
[SourceVersion "1"]
[SourceVersionDate "1996.11.15"]
[SourceQuality "1"]

1. e4 c5 2. Nf3 d6 3. d4 cxd4 4. Nxd4 Nf6 5. Nc3 a6 6. Be2 e5 7. Nb3 Be7 8. 0-0 0-0 9. Kh1 b5 10. a4 Bb7 11. Nd5 Nxd5 12. exd5 b4 13. a5 Nd7 14. Ra4 Nf6 15. Bc4 Rc8 16. Rxb4 Rc7 17. Rxb7 Rxb7 18. Bxa6 Rxb3 19. cxb3 Qxa5 20. Bc4 Bd8 21. Bd2 Qa7 22. Qe2 Bb6 23. Bg5 Bd8 24. g3 h6 25. Bd2 Bb6 26. Bc3 Bd4 27. Kg2 Ra8 28. Rd1 Bc5 29. b4 Bb6 30. Bb5 Qe7 31. Bc6 Ra7 32. Qf3 g6 33. Qe2 h5 34. h3 Nh7 35. Bd2 Ra2 36. Bc3 Ra7 37. Qb5 Qd8 38. Qc4 Qg5 39. f4 Qf5 40. Qd3 Qxd3 41. Rxd3 e4 42. Rd1 Ra2 43. g4 Kf8 44. Re1 e3 45. Kf3 Ke7 46. g5 f6 47. h4 fxg5 48. fxg5 Nf8 49. Bf6+ Kf7 50. Rf1 Ra7 51. Ke2 Kg8 52. Rf4 Rf7 53. Re4 Ba7 54. Re7 1-0

[Event "NED-chT"]
[Site "Netherlands"]
[Date "1992.??.??"]
[Round "?"]
[White "Van der Wiel, John"]
[Black "Van de Plassche, Bas"]
[Result "0-1"]
[WhiteElo "2540"]
[BlackElo "2260"]
[PlyCount "44"]
[EventDate "1992.??.??"]
[EventType "team"]
[EventRounds "11"]
[EventCountry "NED"]
[SourceTitle "EXT 1999"]
[Source "ChessBase"]
[SourceDate "1998.11.16"]
[SourceVersion "1"]
[SourceVersionDate "1998.11.16"]
[SourceQuality "1"]

1. e4 c5 2. Nf3 d6 3. d4 cxd4 4. Nxd4 Nf6 5. Nc3 a6 6. f4 Qc7 7. Bd3 e5 8. Nf5 Bxf5 9. exf5 Nc6 10. g4 d5 11. g5 d4 12. gxf6 dxc3 13. bxc3 0-0-0 14. Qf3 gxf6 15. Be4 Bc5 16. Rb1 Rhe8 17. Kf1 Qd6 18. fxe5 Nxe5 19. Bxb7+ Kc7 20. Bf4 Nxf3 21. Bxd6+ Rxd6 22. Bxf3 Rd2 0-1